1653 1738 1311 1791 1025 1956 1653 1507 1183 1731 1254 1494 1179 1483 1506 1207 1342 1108 1183 1241 1989 1195 1499 1784 1944 1851 1242 1627 1693 1607 1390 1359 1760 1386 1365 1151 1825 1996 1048 1007 1294 1189 1203 1959 1927 1096 1380 1050 1923 1082 1064 1642 1580 1214 1418 1620 1079 1249 1627 1180 1774 1871 1733 1294 1357 1943 1610 1312 1222 1819 1748 1352 1248 1111 1811 1428 1568 1739 1219 1956 1410 1999 1482 1210 1837 1344 1467 1411 1299 1590 1814 1694 1316 1683 1466 1112 1536 1896 1421 BCNSPRNW ULIB Ver.6.0+V

เปลี่ยนเป็นภาษาไทย

Change to English
 แสดงรายละเอียดบรรณานุกรม
  กลับหน้าหลัก

Brief Record : Get Marc (ISO 2709) : E-mail record : QR code < ปิดหน้าต่าง
LEADER : 00000nam 2200000uu 4500
001    13399115067
003     ULIB
008    120708s2553||||th 000 0 tha d
020    ^a9786167287089
050  4 ^aP90^bบ573ส
100 0  ^aบุญศรี ปราบณศักดิ์
245 10 ^aสารพันปัญหาและบทเรียนด้านการสื่อสารทางการแพทย์/^cบุญศรี ปราบณศักดิ์
260    ^aกรุงเทพฯ:^bธนาเพรส,^c2553
300    ^a120 หน้า
650  7 ^aการสื่อสารทางการแพทย์
945    ^p90^l0^i18109
995    ^a เกษร
999    ^aใช้งานได้ทุกระบบ
รายการนี้ยังไม่มีแท็ก
คุณยังไม่ได้ล็อกอิน คุณสามารถมีกิจกรรมร่วมกับเว็บไซต์ได้ แต่ต้องล็อกอินก่อน ::
  ล็อกอิน

รายการสื่อสารสนเทศ

ลำดับที่ ประเภท เลขเรียก/บาร์โค้ด สถานที่ สถานะ
- ไม่พบข้อมูล -

รายการใกล้เคียง
    ผู้แต่ง [บุญศรี ปราบณศักดิ์]

    หัวเรื่อง [การสื่อสารทางการแพทย์]

BibComment


ยังไม่เคยถูกคอมเมนท์

คอมเมนท์ทรัพยากรรายการนี้
  คอมเมนท์: สารพันปัญหาและบท..


 Copyright 2026. Bcnsprnw @Library